| 000 | 00436nam a2200157Ia 4500 | ||
|---|---|---|---|
| 008 | 240729s9999 xx 000 0 und d | ||
| 022 | _a1896-1525 | ||
| 245 | 0 | _aEuropean Spatial Research and Policy | |
| 260 | _aPoland | ||
| 260 | _bLodz University Press | ||
| 650 | _a Social sciences (General) | ||
| 650 | _aSocial Sciences | ||
| 856 | _uhttps://doaj.org/toc/1e30c758e8da498abcee249379f60e52 | ||
| 942 | _2ddc | ||
| 942 | _cDOAJEJ | ||
| 999 |
_c72831 _d72831 |
||
| 945 |
_a1 _bMadushi Gamage _c1 _dMadushi Gamage |
||